| 000 | 02017cam a22004334i 4500 | ||
|---|---|---|---|
| 003 | PE-LiUPU | ||
| 005 | 20250731184532.0 | ||
| 008 | 150623s r 000 0 d | ||
| 035 | _a(Sirsi) a22722 | ||
| 040 |
_aPE-LiUPU _bspa _cPE-LiUPU _erda |
||
| 082 | 0 | 4 |
_a286.732092 _bS479e _221 |
| 100 | 1 |
_aSepúlveda, Ciro, _eautor. |
|
| 245 | 1 | 0 |
_aElena G. de White : _blo que no se contó / _cCiro Sepúlveda. |
| 264 | 1 |
_aBuenos Aires : _bAsociación Casa Editora Sudamericana, _c1997. |
|
| 300 |
_a256 páginas : _bilustraciones fotos ; _c21 cm. |
||
| 336 |
_atext _2rdacontent |
||
| 337 |
_aunmediated _2rdamedia |
||
| 338 |
_avolume _2rdacarrier |
||
| 504 | _aIncluye bibliografía. | ||
| 505 | 0 | _aElena saca a Bossy del arroyo. -Las ideas en el mundo de Elena. -Elena cae herida. -Cuidado con los medicos. -El fin del mundo. -El gram chasco. -La primera visión. -Primeros viajes misioneros. -La pobreza. -La imprenta en Rochester. -Los hijos de Elena. -La guerra civil. -Los comienzos del mensaje prosalud. -Elena y la educación adventista. -Seabren nuevos horizontes. -La escritora y el administrador. -Elena pierde a su compañero. -Los testimonios de Elena. -Elena viaja a Europa. -El congreso de la asociacion general de 1888.-Nueve años en Australia. -Elena y los afroamericanos. -El congreso de la asociación general 1901. -El imperio del Dr. John Harvey Kellog. -Loma Linda. -Elena y las ciudades. | |
| 526 | _aP136 | ||
| 526 | _aP135 | ||
| 526 | _aP134 | ||
| 526 | _aP133 | ||
| 526 | _aP144 | ||
| 526 | _aP143 | ||
| 526 | _aP87 | ||
| 526 | _aP35 | ||
| 526 | _aP20 | ||
| 526 | _aP14 | ||
| 526 | _aP10 | ||
| 526 | _aP06 | ||
| 600 | 1 |
_aWhite, Elena G. de. _d1827-1915 |
|
| 650 | 2 | 4 |
_aAdventistas del Séptimo Día _vBiografía. |
| 942 |
_2ddc _cBK |
||
| 949 |
_a286.9732092 _wDEWEY _c1 _i46561 _lCCODEBUL1 _mBUL _p00.00 _r0 _sY _tBOOK _u2015-06-24 _xBIBLIOTECA _zUNKNOWN _0COMPRA _o.STAFF. Colección General |
||
| 999 |
_c23325 _d23325 |
||
| 980 |
_81 _gALBERTO SANCHEZ Responsable de Automatización |
||